MARC

LEADER 00000nam0a2200000 4500
001 23123
005 20231030195122.0
010 |a 0521574196 
035 |a (RuTPU)RU\TPU\book\23338 
035 |a BOOK00023410 
090 |a 23123 
100 |a 20011209d1999 m y0engy50 ba 
101 0 |a eng 
102 |a US 
105 |a y j 000zy 
200 1 |a Materials Development in Language Teaching  |f B. Tomlinson 
210 |a New York  |c Cambridge University Press  |d 1999 
215 |a 368 p. 
610 1 |a английский язык 
610 1 |a учебные пособия 
610 1 |a обучение 
610 1 |a преподавание 
610 1 |a методика 
686 |a Ш143.21-923  |v LBC/SL-A  |2 rubbk 
686 |a Ш143.21-91  |v LBC/SL-A  |2 rubbk 
700 1 |a Tomlinson  |b B.  |g Brian 
801 0 |a XX  |b 63413507  |c 20011209  |g PSBO 
801 2 |a RU  |b 63413507  |c 20101118  |g PSBO 
942 |c BK